| Tag |
First Indicator |
Second Indicator |
Subfields |
| LEADER |
00000cam a2200000La 4500 |
| 001 |
in00002782346 |
| 005 |
20210728124845.0 |
| 006 |
m d |
| 007 |
cr cn||||||||| |
| 008 |
120320s2012 gw a ob 001 0 eng d |
| 016 |
7 |
|
|a 016073592
|2 Uk
|
| 020 |
|
|
|a 3527647708 (electronic bk.)
|
| 020 |
|
|
|a 3527647732 (electronic bk.)
|
| 020 |
|
|
|a 9783527647705 (electronic bk.)
|
| 020 |
|
|
|a 9783527647736 (electronic bk.)
|
| 020 |
|
|
|z 9783527320806
|
| 035 |
|
|
|a (OCoLC)787845549
|
| 035 |
|
|
|a (OCoLC)ocn787845549
|
| 035 |
|
|
|a 3997073
|
| 040 |
|
|
|a E7B
|b eng
|c E7B
|d N$T
|d UKMGB
|d DG1
|d OCLCQ
|d YDXCP
|d TXA
|d UtOrBLW
|
| 049 |
|
|
|a TXAM
|
| 050 |
|
4 |
|a QD381.9.E38
|b W45 2012eb
|
| 072 |
|
7 |
|a MED
|x 108000
|2 bisacsh
|
| 082 |
0 |
4 |
|a 610.284
|
| 100 |
1 |
|
|a Wendorff, Joachim H.
|0 http://id.loc.gov/authorities/names/no2012100438
|
| 245 |
1 |
0 |
|a Electrospinning :
|b materials, processing, and applications /
|c Joachim H. Wendorff, Seema Agarwal, Andreas Greiner.
|
| 264 |
|
1 |
|a Weinheim ;
|a Hoboken, N.J. :
|b John Wiley & Sons,
|c 2012.
|
| 300 |
|
|
|a 1 online resource (xii, 241 pages) :
|b illustrations
|
| 336 |
|
|
|a text
|b txt
|2 rdacontent
|
| 337 |
|
|
|a computer
|b c
|2 rdamedia
|
| 338 |
|
|
|a online resource
|b cr
|2 rdacarrier
|
| 500 |
|
|
|a Electronic resource.
|
| 504 |
|
|
|a Includes bibliographical references and index.
|
| 588 |
|
|
|a Description based on print version record.
|
| 650 |
|
0 |
|a Electrospinning.
|0 http://id.loc.gov/authorities/subjects/sh2007004895
|
| 650 |
|
0 |
|a Polymers
|x Electric properties.
|0 http://id.loc.gov/authorities/subjects/sh85104666
|
| 650 |
|
7 |
|a MEDICAL
|x Instruments & Supplies.
|2 bisacsh
|
| 655 |
|
7 |
|a Electronic books.
|2 local
|
| 700 |
1 |
|
|a Agarwal, Seema.
|0 http://id.loc.gov/authorities/names/n99908739
|
| 700 |
1 |
|
|a Greiner, Andreas.
|0 http://id.loc.gov/authorities/names/nb99189863
|
| 830 |
|
0 |
|a Wiley Online Library.
|
| 856 |
4 |
0 |
|u http://proxy.library.tamu.edu/login?url=https://dx.doi.org/10.1002/9783527647705
|z Connect to the full text of this electronic book
|t 0
|
| 948 |
|
|
|a cataloged
|b h
|c 2012/6/8
|d c
|e jlanham
|f 2:28:40 pm
|
| 994 |
|
|
|a C0
|b TXA
|
| 999 |
|
|
|a MARS
|
| 999 |
f |
f |
|s 466de980-9b77-38e7-9e59-ca4bf217679b
|i 264ccfa4-b376-3a77-9749-e111e259e9cf
|t 0
|
| 952 |
f |
f |
|a Texas A&M University
|b College Station
|c Electronic Resources
|d Available Online
|t 0
|e QD381.9.E38 W45 2012eb
|h Library of Congress classification
|
| 998 |
f |
f |
|a QD381.9.E38 W45 2012eb
|t 0
|l Available Online
|